000 00715nam a2200253Ia 4500
003 OSt
005 20220926005354.0
006 a|||||r|||| 00| 0
007 ta
008 220923b |||||||| |||| 00| 0 eng d
020 _a8186771514
037 _cGeneral Book
040 _aRTL
_cRTL
_beng
041 _2eng
_aeng
082 _aV2,61.N9, P4
100 _aSingh U B Ed.
_9310121
245 0 _aUrban administration in India
260 _a New Delhi
_bSerials Publications India
_c2004
300 _axxiii, 289p
_ccm.
500 _aBibliography chapterwise
650 _aUrban Administration
_9310122
942 _hV2,61.N9, P4
_cGB
_2CC
999 _c613579
_d613579